000 00879nam a2200301 a 4500
003 AR-BaBNM
005 20251128205555.0
008 082120s2002 ||||||||||||||000 | spa||
020 _a84-7738-103-8
040 _cAR-BaBNM
100 1 _aQuerol, M.Angeles
245 0 0 _aDe los primeros seres humanos
260 _aMadrid
_bSíntesis
_c1993
300 _a192 p.
_bmapas, il., láms., gráfs.
490 0 _aHistoria Universal: Prehistoria
_vv. 2
504 _aBibliografía para consultar p. 187-192
650 4 _aPREHISTORIA
650 4 _aHISTORIA
650 4 _aHOMBRE PREHISTORICO
650 4 _aEXCAVACIONES ARQUEOLOGICAS
650 4 _aINTERPRETACION ARQUEOLOGICA
650 4 _aHOMBRE PREHISTORICO
650 4 _aANTROPOLOGIA
800 1 _aPlácido, Domingo
_edirector
800 1 _aFernández-Miranda, Manuel
_ecoordinador
942 _cBK
998 _cMariana
999 _c11954
_d11954